000 00755nam a2200289Ia 4500
005 20260324120843.0
008 008 260324s9999 xx 000 0 eng d
020 _a9781315753829
037 _aEBOOK
040 _aCRL
040 _beng
040 _cCRL
041 _2eng
041 _aeng
084 _qCRL
100 _aMark Hayward; Clara Strauss; Simon McCarthy-Jones
_91160232
245 0 _aPsychological Approaches to Understanding and Treating Auditory Hallucinations
245 0 _bFrom theory to therapy
260 _bTaylor and Francis
260 _c2014
365 _a
365 _b220
856 _uhttp://www.taylorfrancis.com/books/9781315753829
942 _cEBOOK
999 _c1751970
_d1751970